Регионална библиотека "Любен Каравелов" - Русе

Английски за най-малките (Запис номер 372056)

MARC детайли
000 -Лидер
Контролно поле с фиксирана дължина nam a22 a 4500
003 - Код на организацията, давaща контролен номер
Контролно поле BLK
005 - Дата и час на последна редакция
Контролно поле 20200701113056.0
008 - Елементи от данни с фиксирана дължина
fixed length control field 200701b bu ||||| |||| 00| 0 bu d
020 ## - Международен стандартен номер на книга ISBN
Международен стандартен номер на книга ISBN 9786192110291
040 ## - Източник на каталожния запис
Идентификатор на билиотеката - собственик на записа BLK
041 ## - Код за език
Код за езика на текст/звукозапис или на отделно заглавие Български
Код за езика КДБФ Български
080 ## - УДК
Текстов определител УДК Издания за деца и юноши. Книжки-картинки. Читанки. Вж и 372.4
УДК код - определител по УДК 087.5
УДК - код + определител 087.5
139 ## - Редно поле
Редна дума Английски за най-малките
Авторски знак Ан - А 64
245 ## - Сведения за заглавието
Заглавие Английски за най-малките
Редно поле (дума) худож. Светлана Кисьова
260 ## - Област на издателските данни
9 (RLIN) 217114
Място на издаване, разпространение и проч. София
Име на издателя, разпространителя и проч. ПУХ
Година на издаване 2016
300 ## - Физическа характеристика
Страници 24 с.
Илюстрации и др. с ил., [1] л. : стикери
Размери/Мащаб 22 x 24 см
380 ## - Жанр
Жанр Общ отдел
490 ## - СЕРИИ (Колекции)
9 (RLIN) 206069
Име на серия Първи стъпки
650 #7 - Допълнително описание по предмет – тема
9 (RLIN) 156309
Основно описание – тема или топоним Издания - за деца
700 ## - Други автори (авторска отговорност)
9 (RLIN) 263935
Лично име Кисьова, Светлана Иванова
Автороска отговорност (Описва отношението между автора и произведението) худож.
999 ## - СИСТЕМНИ КОНТРОЛНИ НОМЕРА
Koha biblionumber 372056
Koha biblioitemnumber 372056
942 ## - АРТИКУЛИ
Вид на библиотечния материал Книги
Скрит в OPAC Не
Периодичен библиозапис Да
944 ## - СЪЗДАВАНЕ И РЕДАКЦИЯ на ЗАПИСА
Създаване/Редакция Създаване
Дата на регистрацията/редакция 2020-07-01
Служител, извършил регистрацията/редакцията Валя Йорданова
Наличности
Код за отписване Код за изгубен артикул Източник на класификационната схема Код за повреда Код за отдаване Артикулен № Име на библиотеката - собственик Име на библиотеката, в която се намира в момента Статус (Текущо местоположение) Дата на вписване в системата Местоположение - отдел Цена в лева Инвентарен номер Систематично азбучна сигнатура Баркод Цена в евро Служебен тип на артикула
  Не е изгубен Universal Decimal Classification Не е повреден ползва се в читалня 780339 Регионална библиотека "Любен Каравелов" Русе Регионална библиотека "Любен Каравелов" Русе Хранилище 2020-07-03 Хранилище 2.99 120000844321 цб 299600 120000844321 1.53 Книги
Vip Innovations Ltd, Rousse, Bulgaria 2025